José da Silva Carvalho e o seu tempo / (Record no. 156426)

MARC details
000 -LEADER
campo de control de longitud fija 00844nam a22002175i 4500
001 - NÚMERO DE CONTROL
campo de control 156426
003 - IDENTIFICADOR DE NÚMERO DE CONTROL
campo de control ES-MaACL
005 - FECHA Y HORA DE LA ÚLTIMA TRANSACCIÓN
campo de control 20250815034246.0
008 - DATOS DE LONGITUD FIJA--INFORMACIÓN GENERAL
campo de control de longitud fija 970701m18911894po a |||| | por d
040 ## - FUENTE DE CATALOGACIÓN
Centro catalogador/agencia de origen CAM
Lengua de catalogación spa
Centro/agencia transcriptor CAM
245 00 - MENCIÓN DEL TÍTULO
Título José da Silva Carvalho e o seu tempo /
Mención de responsabilidad, etc. compilaç¯ao annotada por Antonio Vianna.
260 ## - PUBLICACIÓN, DISTRIBUCIÓN, ETC.
Lugar de publicación, distribución, etc. Lisboa :
Nombre del editor, distribuidor, etc. Imprensa Nacional,
Fecha de publicación, distribución, etc. 1891-1894.
300 ## - DESCRIPCIÓN FÍSICA
Extensión 3 v. ;
Dimensiones 28 cm.
490 1# - MENCIÓN DE SERIE
Mención de serie Documentos para a historia contemporanea
597 #1 - NOTA DE DESCRIPCIÓN FÍSICA
NOTA DE DESCRIPCIÓN FÍSICA V.1: [4], 510, [1] p., [1] h. de lám. - v.2: [4], VII, 512, [1] p., [2] h. de lám. - v.3: [4], III, 211 p.
700 11 - ENTRADA AGREGADA--NOMBRE PERSONAL
Nombre de persona Vianna, Antonio,
Término indicativo de función/relación
9 (RLIN) 133660
752 ## - ENTRADA AGREGADA--NOMBRE JERÁRQUICO DEL LUGAR
País o entidad superior Portugal -
Ciudad Lisboa
830 00 - PUNTO DE ACCESO ADICIONAL DE SERIE-TÍTULO UNIFORME
Título uniforme Documentos para a historia contemporánea de Galicia
9 (RLIN) 179273
852 ## - LOCALIZACIÓN
Ubicación ES-MaACL
Número de control de estantería G-6360-6362
Nota libre -- Enc. hol.
Holdings
Estatus retirado Estado de pérdida Estado de daño No para préstamo Colección Biblioteca de origen Biblioteca actual Ubicación en estantería Fecha de adquisición Fuente de adquisición Total de préstamos Signatura topográfica completa Código de barras Visto por última vez Precio de reemplazo Tipo de ítem Koha
        Libros del s. XIX Biblioteca del Ateneo de Madrid Biblioteca del Ateneo de Madrid Depósito 2 17/01/2008     G-6360-6362 1163656 23/02/2023 23/02/2023 Libro impreso antiguo